[Event "HUN-chT2 Breyer 2122"]
[Site "Hungary"]
[Date "2021.10.31"]
[Round "2.6"]
[White "Makai, Mark"]
[Black "Nagy, Aron"]
[Result "0-1"]
[WhiteElo "1767"]
[BlackElo "2074"]
[PlyCount "56"]
[EventDate "2021.10.10"]
[EventType "team-tourn"]
[EventRounds "9"]
[EventCountry "HUN"]
[SourceTitle "EXT 2025"]
[Source "ChessBase"]
[SourceDate "2024.10.14"]
[SourceVersion "1"]
[SourceVersionDate "2024.10.14"]
[SourceQuality "1"]
[WhiteTeam "Torokbalint"]
[BlackTeam "Biatorbagy II"]
[WhiteTeamCountry "HUN"]
[BlackTeamCountry "HUN"]

1. e4 e5 2. Nf3 Nc6 3. Bc4 Nf6 4. Ng5 d5 5. exd5 Na5 6. Bb5+ c6 7. dxc6 bxc6 8. Qf3 Rb8 9. Be2 Be7 10. Ne4 0-0 11. Nxf6+ Bxf6 12. 0-0 Be7 13. d3 f5 14. b3 Bf6 15. c3 Be6 16. b4 Nb7 17. Be3 a5 18. Qxc6 Bd5 19. Qb6 Qd7 20. bxa5 f4 21. Bd2 Be7 22. Qb2 f3 23. Bxf3 Bxf3 24. gxf3 Qh3 25. Qb3+ Kh8 26. Qd5 Rf6 27. f4 Rg6+ 28. Kh1 Qxf1# 0-1